Ekonomiks : (Record no. 9510)
[ view plain ]
| 000 -LEADER | |
|---|---|
| fixed length control field | 00622nam a22002057a 4500 |
| 003 - CONTROL NUMBER IDENTIFIER | |
| control field | OSt |
| 005 - DATE AND TIME OF LATEST TRANSACTION | |
| control field | 20260417004746.0 |
| 008 - FIXED-LENGTH DATA ELEMENTS--GENERAL INFORMATION | |
| fixed length control field | 260417b |||||||| |||| 00| 0 eng d |
| 020 ## - INTERNATIONAL STANDARD BOOK NUMBER | |
| International Standard Book Number | 971-07-1420-1 |
| 040 ## - CATALOGING SOURCE | |
| Original cataloging agency | DWCL - Main Lib. |
| Transcribing agency | OC |
| 082 ## - DEWEY DECIMAL CLASSIFICATION NUMBER | |
| Classification number | Fil. 330 Ek75 1999 |
| 100 ## - MAIN ENTRY--PERSONAL NAME | |
| Personal name | Cruz, Nilda B. |
| Relator term | Author |
| 245 ## - TITLE STATEMENT | |
| Title | Ekonomiks : |
| Remainder of title | teorya at aplikasyon IV / |
| Statement of responsibility, etc. | Nilda B. Cruz |
| 260 ## - PUBLICATION, DISTRIBUTION, ETC. | |
| Place of publication, distribution, etc. | Metro Manila : |
| Name of publisher, distributor, etc. | Vibal Publishing House, Inc., |
| Date of publication, distribution, etc. | c1999 |
| 300 ## - PHYSICAL DESCRIPTION | |
| Extent | 332 p. : |
| Other physical details | ill. ; |
| Dimensions | 25 cm. |
| 490 ## - SERIES STATEMENT | |
| Series statement | Seryo ng Araling Panlipunan |
| 504 ## - BIBLIOGRAPHY, ETC. NOTE | |
| Bibliography, etc. note | Include bibliography. |
| 650 ## - SUBJECT ADDED ENTRY--TOPICAL TERM | |
| Topical term or geographic name entry element | 1. Ekonomiks. |
| 942 ## - ADDED ENTRY ELEMENTS (KOHA) | |
| Source of classification or shelving scheme | Dewey Decimal Classification |
| Koha item type | Book-Filipiniana |
| Suppress in OPAC | No |
| 952 ## - LOCATION AND ITEM INFORMATION (KOHA) | |
| -- | |
| Withdrawn status | Lost status | Source of classification or shelving scheme | Damaged status | Not for loan | Home library | Current library | Shelving location | Date acquired | Source of acquisition | Cost, normal purchase price | Total Checkouts | Full call number | Barcode | Date last seen | Copy number | Price effective from | Koha item type | Uniform Resource Identifier |
|---|---|---|---|---|---|---|---|---|---|---|---|---|---|---|---|---|---|---|
| Dewey Decimal Classification | Junior High School Library | Junior High School Library | Filipiniana | 06/21/2000 | School Fund | 195.25 | Fil. 330 Ek75 1999 | JHS - 10289 | 04/17/2026 | c1 | 04/17/2026 | BK - FIL |